00778 a2200217 4500008004100000010001400041020002300055035001300078037001800091082000600109245002700115246003100142250001200173260004100185260006400226270007700290300002700367942003300394999001300427952012000440080821t xxu||||| |||| 00| 0 eng d aENG-84945 a8126001267c100.00 aEN-68478 bD.B.Act / Pub aS a23 Hindi short stories aTwenty three short stories a1st ed. aNew Delhi :bSahitya Akademi,c2006. aNew DelhibNorth India Publishers and Distributors (Vendor) aRabindra Bhavan, 35, Ferozshah Road, New DelhibNew DelhicDelhie110001 a224 p. ;c21 cm. (Pbk) adplcENkS/ TWE2ddchSmTWE c790d790 00104070aDBADbDBADd2008-08-21g100.00l0oS TWEpEN-68478r2008-09-15 00:00:00t1u756v100.00w2008-09-15yEN